000 00274nam a2200109Ia 4500
008 231120s2018 xx 000 0 und d
041 _aeng
100 _aDAVID WEBB
245 _aCOMPLETE GUIDE TO WATERCOLOUR
260 _aSEARCH PRESS
_bSEARCH PRESS
_c2018
300 _aP-256
999 _c933432
_d933432